| 000 | 01290cam a2200337 i 4500 | ||
|---|---|---|---|
| 005 | 20230509102128.0 | ||
| 008 | 150814s2017 nyu 000 0 eng | ||
| 010 | _a 2015030580 | ||
| 020 | _a9781259578540 (alk. paper) | ||
| 020 | _z1259578542 (MHID) | ||
| 040 |
_aDLC _beng _cDLC _erda _dDLC |
||
| 042 | _apcc | ||
| 050 | 0 | 0 |
_aHF5657.4 _b.N668 2017 |
| 082 | 0 | 0 |
_a658.15/11 _223 _bNOR-M |
| 100 | 1 | _aNoreen, Eric W., | |
| 245 | 1 | 0 |
_aManagerial accounting for managers / _cEric W. Noreen, Ph.D., CMA, Professor Emeritus, University of Washington, Peter C. Brewer, Wake Forest University, Ray H. Garrison, D.B.A., CPA, Professor Emeritus, Brigham Young University. |
| 250 | _aFourth Edition. | ||
| 260 |
_aNew York _bMcGraw-Hill _c2017 |
||
| 264 | 1 |
_aNew York, NY : _bMcGraw-Hill Education, _c[2017] |
|
| 300 |
_axxvi, 613 pages ; _c29 cm |
||
| 336 |
_atext _2rdacontent |
||
| 337 |
_aunmediated _2rdamedia |
||
| 338 |
_avolume _2rdacarrier |
||
| 500 | _aBook in Hard Binding | ||
| 650 | 0 | _aManagerial accounting. | |
| 700 | 1 | _aBrewer, Peter C., | |
| 700 | 1 | _aGarrison, Ray H., | |
| 906 |
_a7 _bcbc _corignew _d1 _eecip _f20 _gy-gencatlg |
||
| 999 |
_c18327 _d18327 |
||